| 000 | 00861cam a2200229 i 4500 | ||
|---|---|---|---|
| 999 |
_c58084 _d58084 |
||
| 001 | 20546292 | ||
| 005 | 20221105195844.0 | ||
| 008 | 180615s2020 caua b 001 0 eng | ||
| 020 | _a9781635501100 1 | ||
| 041 | _aeng | ||
| 080 | _a616.89-008.434 B-65 | ||
| 100 | 1 |
_aBleile, Ken Mitchell _912008 |
|
| 245 | 1 | 0 |
_aSpeech sound disorders : _bfor class and clinic / _cKen M. Bleile, PhD. |
| 250 | _aFourth edition. | ||
| 264 | 1 |
_aSan Diego, CA : _bPlural Publishing Inc., _c2020. |
|
| 300 |
_a398 pages : _billustrations ; _c26 cm. |
||
| 653 | _aРуководство по звуковым расстройствам речи | ||
| 653 | _aმეტყველების ხმის დარღვევების სახელმძღვანელო | ||
| 653 | _aმედიცინა | ||
| 653 | _aмедицина | ||
| 942 |
_2udc _cBK |
||